| 000 -LEADER |
| fixed length control field |
01188 a2200253 4500 |
| 003 - CONTROL NUMBER IDENTIFIER |
| control field |
Nust |
| 005 - DATE AND TIME OF LATEST TRANSACTION |
| control field |
20220803171559.0 |
| 010 ## - LIBRARY OF CONGRESS CONTROL NUMBER |
| LC control number |
00062184 |
| 020 ## - INTERNATIONAL STANDARD BOOK NUMBER |
| International Standard Book Number |
079237956X (hc. : alk. paper) |
| 040 ## - CATALOGING SOURCE |
| Transcribing agency |
Nust |
| 082 00 - DEWEY DECIMAL CLASSIFICATION NUMBER |
| Classification number |
621.381,ANA |
| 245 00 - TITLE STATEMENT |
| Title |
Analog circuit design : |
| Remainder of title |
high-speed analog-to-digital converters, mixed-signal design, PLL's and synthesizers / |
| Statement of responsibility, etc. |
edited by Rudy J. van de Plassche, Johan H. Huijsing, and Willy Sansen. |
| 260 ## - PUBLICATION, DISTRIBUTION, ETC. |
| Place of publication, distribution, etc. |
Boston, Mass. : |
| Name of publisher, distributor, etc. |
Kluwer Academic Publishers, |
| Date of publication, distribution, etc. |
c2000. |
| 300 ## - PHYSICAL DESCRIPTION |
| Extent |
vii, 400 p. : |
| Other physical details |
ill. ; |
| Dimensions |
25 cm. |
| 505 ## - FORMATTED CONTENTS NOTE |
| Formatted contents note |
Part. 1:- High speed Analog to digital converters (Page-1), Part 2:- Mixed signal design (Page-139), Part 3:- PLL,s and Synthesizers (Page-267). |
| 650 #0 - SUBJECT ADDED ENTRY--TOPICAL TERM |
| Topical term or geographic name entry element |
Phase-locked loops |
| General subdivision |
Design and construction. |
| 9 (RLIN) |
96482 |
| 650 #0 - SUBJECT ADDED ENTRY--TOPICAL TERM |
| Topical term or geographic name entry element |
Telecommunication Engineering. |
| 700 1# - ADDED ENTRY--PERSONAL NAME |
| Personal name |
Huijsing, Johan H., |
| Dates associated with a name |
1938- |
| 9 (RLIN) |
96483 |
| 700 1# - ADDED ENTRY--PERSONAL NAME |
| Personal name |
Plassche, Rudy J. van de. |
| 9 (RLIN) |
96484 |
| 700 1# - ADDED ENTRY--PERSONAL NAME |
| Personal name |
Sansen, Willy M. C. |
| 9 (RLIN) |
96485 |
| 856 42 - ELECTRONIC LOCATION AND ACCESS |
| Materials specified |
Publisher description |
| Uniform Resource Identifier |
<a href="http://www.loc.gov/catdir/enhancements/fy0813/00062184-d.html">http://www.loc.gov/catdir/enhancements/fy0813/00062184-d.html</a> |
| 856 42 - ELECTRONIC LOCATION AND ACCESS |
| Materials specified |
Table of contents only |
| Uniform Resource Identifier |
<a href="http://www.loc.gov/catdir/enhancements/fy0813/00062184-t.html">http://www.loc.gov/catdir/enhancements/fy0813/00062184-t.html</a> |
| 942 ## - ADDED ENTRY ELEMENTS (KOHA) |
| Koha item type |
Reference |
| Source of classification or shelving scheme |
|